000 00942nam a22003017a 4500
001 890
005 20230804161236.0
008
020 _a0060000031
020 _a0060525568 (lib. bdg.)
040 _aDLC
_cDLC
_dDLC
_beng
050 0 0 _aPZ7.H916625
_bFi 2003
082 0 0 _a813.6
_221
100 1 _aHunter, Erin.
245 1 0 _aFire and ice /
_cErin Hunter
250 _aFirst Avon edition, 2004
260 _aNew York :
_bHarper Collins,
_c2004.
300 _a317 pages ;
_bmap ; illustrations ;
_c20 cm
490 1 _aWarriors ;
_vBook 2
505 _aT
520 _aFireheart, a full-fledged warrior cat, must confront questions of loyalty and identity as he faces the possibility of betrayal from within his own forest clan.
521 _a820
_bLexile
521 _aT
_bRaz-Plus
650 1 _aCats
_vFiction.
650 1 _aFantasy.
906 _a7
_bcbc
_corignew
_d1
_eecip
_f20
_gy-gencatlg
942 _2ddc
_cBK
_n0
999 _c890
_d890